Welcome to CU Library Online Public Access Catalogue (OPAC)

PREPARING TO PLANT TROPICAL TREES (Record no. 7706)

MARC details
000 -LEADER
fixed length control field 00335nam a22001337a 4500
005 - DATE AND TIME OF LATEST TRANSACTION
control field 20250925110447.0
008 - FIXED-LENGTH DATA ELEMENTS--GENERAL INFORMATION
fixed length control field 250925b |||||||| |||| 00| 0 eng d
050 ## - LIBRARY OF CONGRESS CALL NUMBER
Classification number SB119
Item number LON
100 ## - MAIN ENTRY--PERSONAL NAME
Personal name LONGMAN K. A.
245 ## - TITLE STATEMENT
Title PREPARING TO PLANT TROPICAL TREES
260 ## - PUBLICATION, DISTRIBUTION, ETC.
Place of publication, distribution, etc. LONDON
Name of publisher, distributor, etc. BLAKETON HALL
Date of publication, distribution, etc. 2002
300 ## - PHYSICAL DESCRIPTION
Extent 238p
942 ## - ADDED ENTRY ELEMENTS (KOHA)
Source of classification or shelving scheme Library of Congress Classification
Koha item type Books
Suppress in OPAC No
999 ## -
-- 7706
-- 7706
Holdings
Withdrawn status Lost status Source of classification or shelving scheme Damaged status Not for loan Collection Home library Current library Shelving location Date acquired Total checkouts Full call number Barcode Date last seen Copy number Price effective from Koha item type
    Library of Congress Classification     Non-fiction Undergraduate Library (Christ Temple) Undergraduate Library (Christ Temple) General stacks 09/25/2025   SB119 LON ulct00005023 09/25/2025 1 09/25/2025 Books
    Library of Congress Classification       Undergraduate Library (Christ Temple) Undergraduate Library (Christ Temple) General stacks 09/26/2025   SB119 LON ulct00005082 09/26/2025 1 09/26/2025 Books
© 2023-2024 Copyright: Central University Libraries. All Rights Reserved | Created by: Mahone Tech Office